| 000 | 00706nam a22002057a 4500 | ||
|---|---|---|---|
| 999 |
_c4015 _d4015 |
||
| 003 | AR-CdUCM | ||
| 008 | 190307b ||||| |||| 00| 0 spa d | ||
| 040 |
_aMUNICIPALIDAD PROVINCIAL DEL CUSCO _cBIBLIOTECA MUNICIPAL DEL CUSCO |
||
| 082 |
_a373.33 / _bO72 |
||
| 100 |
_aOrrillo, Winston _91141 |
||
| 245 | _aLa pedagogía reaccionaria de Walt Disney / | ||
| 260 |
_aLima : _bCausachun, _c1981. |
||
| 300 |
_a132 páginas ; _c17 cm. |
||
| 505 | _aPorque y para quien es este libro -- Filosofía de la Walt Disney -- Pequeñas critica ideológica a los comics... | ||
| 650 |
_aHollywood. _912811 |
||
| 650 |
_aCritica. _9666 |
||
| 650 |
_aComics _912812 |
||
| 942 |
_2ddc _cLIBROS |
||
| 945 |
_awfj _d2019-03-07 |
||